书目信息 |
| 题名: |
生命教育论纲
|
|
| 作者: | 王晓虹 著 | |
| 分册: | ||
| 出版信息: | 北京 知识产权出版社 2009.01 |
|
| 页数: | 261页 | |
| 开本: | 21cm | |
| 丛书名: | 哲学研究书系 | |
| 单 册: | ||
| 中图分类: | G412 | |
| 科图分类: | ||
| 主题词: | 生命哲学--教育理论 , 生命哲学 , 教育理论 | |
| 电子资源: | ||
| ISBN: | 978-7-80247-237-2 | |
| 000 | 00948oam2 2200277 450 | |
| 001 | 012004311196 | |
| 005 | 20091208151930.62 | |
| 010 | @a978-7-80247-237-2@dCNY24.00 | |
| 100 | @a20090402d2009 em y0chiy0110 ea | |
| 101 | 0 | @achi |
| 102 | @aCN@b110000 | |
| 105 | @ay z 000yy | |
| 106 | @ar | |
| 200 | 1 | @a生命教育论纲@9sheng ming jiao yu lun gang@f王晓虹著 |
| 210 | @a北京@c知识产权出版社@d2009.01 | |
| 215 | @a261页@d21cm | |
| 225 | 2 | @a哲学研究书系 |
| 330 | @a本书对“生命教育的科学内涵”、“生命教育的实施依据”、“生命教育的体系构建”、“生命教育的实施途径”、“社会分层视野下的生命教育”、“生命教育的价值追求”进行了阐释、论述,探究了大、中、小学生及职业群体的生命教育。 | |
| 461 | 0 | @12001 @a哲学研究书系 |
| 606 | 0 | @a生命哲学@x教育理论 |
| 606 | 0 | @a生命哲学 |
| 606 | 0 | @a教育理论 |
| 690 | @aG412@v4 | |
| 701 | 0 | @a王晓虹@9wang xiao hong@f(1970~)@4著 |
| 801 | 0 | @aCN@bNLC@c20091208 |
| 905 | @b20795912-17@dG412@e39@f6 | |
| 生命教育论纲/王晓虹著.-北京:知识产权出版社,2009.01 |
| 261页;21cm.-(哲学研究书系) |
| ISBN 978-7-80247-237-2:CNY24.00 |
| 本书对“生命教育的科学内涵”、“生命教育的实施依据”、“生命教育的体系构建”、“生命教育的实施途径”、“社会分层视野下的生命教育”、“生命教育的价值追求”进行了阐释、论述,探究了大、中、小学生及职业群体的生命教育。 |
| ● |
| 相关链接 |
|
|
|
|
正题名:生命教育论纲
索取号:G412/39
 
预约/预借
| 序号 | 登录号 | 条形码 | 馆藏地/架位号 | 状态 | 备注 |
| 1 | 795912 | 207959128 | 第一样本阅览室/ [索取号:G412/39] | 在馆 | |
| 2 | 795913 | 207959137 | 第四借阅区/ [索取号:G412/39] | 在馆 | |
| 3 | 795914 | 207959146 | 第四借阅区/ [索取号:G412/39] | 在馆 | |
| 4 | 795915 | 207959155 | 第四借阅区/ [索取号:G412/39] | 在馆 | |
| 5 | 795916 | 207959164 | 第四借阅区/ [索取号:G412/39] | 在馆 | |
| 6 | 795917 | 207959173 | 第四借阅区/ [索取号:G412/39] | 在馆 |